000 00963ncm a2200313 c 4500
003 BLK
005 20241005005459.0
008 180414b bul |a|er|||| |0| c|bulo|
010 _aNOT00001614000
040 _aBLK
041 _aDEU
_cENG
_hENG
080 _aКамерен оркестър
_b785.16
_x
_z785.16
700 1 _aHandel, Georg Friedrich
_e*
_912313
100 _aХендел, Георг Фридрих
_d1685 - 1759
_9387450
139 _aХендел, Георг Фридрих
_bХ 42
245 1 0 _aThe water music
_c* Georg Friedrich Handel; Георг Фридрих Хендел.
246 1 1 _aМузика на водата
254 _aПартитура
257 _aDEU
260 London
_bEulenburg 1308
_c1959
300 _a97 с.
_c19 см
380 _a7
852 _aЦб М 1888
_p0
856 4 _qpdf
_u
856 4 _qpdf
_u
942 _cNOT
_n0
944 _aCR
_c
_k
_lCRON CRON
944 _aED
_c16.01.2006
_k
999 _c304204
_d304204